000 00594nam a22002177a 4500
003 UA-OsUOA
001 55457
007 ta
008 20080915b un ||||| |||| 00| 0 ukr d
100 _aКостюченко О.
090 _a908
_bК-12
942 _cSA
040 _aUA-OsUOA
_bukr
_cUA-OsUOA
_dUA-OsUOA
245 _aІгор Пасічник: Сучасний ректор в Україні - це, в першу чергу, менеджер
300 _aС.1, 6
955 _a0
041 _aukr
080 _a908
773 0 _w55456
650 7 _a908 Краєзнавство
_2UDC
999 _c341561
_d341561